|
|
|
|
| LEADER |
00000nam a2200000Ii 4500 |
| 001 |
DIGDEU1327 |
| 003 |
NyNyDIG |
| 006 |
m o d |
| 007 |
cr ||||||||||| |
| 008 |
130501s1998 sp ob 000 0 spa d |
| 020 |
|
|
|a 9788498308204
|q (eBook)
|
| 020 |
|
|
|z 8474855411
|
| 020 |
|
|
|z 9788474855418
|
| 035 |
|
|
|a (OCoLC)857077768
|
| 040 |
|
|
|a DGITA
|b eng
|e pn
|c DGITA
|
| 050 |
1 |
4 |
|a B4568.Z84 eBook
|
| 100 |
1 |
|
|a Luengo Rubalcaba, Jorge,
|d 1963-
|
| 245 |
1 |
0 |
|a Zubiri y Kant /
|c Jorge Luengo Rubalcaba.
|
| 264 |
|
1 |
|a Bilbao :
|b Universidad de Deusto,
|c 1998.
|
| 300 |
|
|
|a 1 online resource (293 pages)
|
| 336 |
|
|
|a text
|b txt
|2 rdacontent
|
| 337 |
|
|
|a computer
|b c
|2 rdamedia
|
| 338 |
|
|
|a online resource
|b cr
|2 rdacarrier
|
| 490 |
1 |
|
|a Serie Filosofía ;
|v vol. 27
|
| 504 |
|
|
|a Includes bibliographical references (p. 287-293).
|
| 600 |
1 |
0 |
|a Zubiri, Xavier,
|d 1898-1983.
|
| 600 |
1 |
0 |
|a Kant, Immanuel,
|d 1724-1804.
|
| 650 |
|
0 |
|a Metaphysics
|x History
|y 18th century.
|
| 655 |
|
0 |
|a Electronic books.
|
| 791 |
2 |
|
|a Digitalia (Firm),
|e distributor.
|
| 830 |
|
0 |
|a Serie Filosofía (Universidad de Deusto) ;
|v v. 27.
|
| 793 |
0 |
|
|g Digitalia eBook Collection:
|a Universidad de Deusto.
|
| 856 |
4 |
0 |
|3 Digitalia Hispánica
|u https://www.digitaliapublishing.com/a/17529/
|
| 910 |
|
|
|a Premium Collection: 2007-2012
|